| 000 | 02903cam a2200445 4500500 | ||
|---|---|---|---|
| 005 | 20260111082246.0 | ||
| 041 | _afre | ||
| 042 | _adc | ||
| 100 | 1 | 0 |
_aBillet, Philippe _eauthor |
| 700 | 1 | 0 |
_aDufal, Rémy _eauthor |
| 245 | 0 | 0 | _aChronique de fiscalité française de l’environnement. Tour d’horizon des principales évolutions législatives des cinq dernières années |
| 260 | _c2021. | ||
| 500 | _a58 | ||
| 520 | _aLa fiscalité française de l’environnement a fait l’objet de multiples ajustements ces cinq dernières années. La présente chronique se propose de faire un tour d’horizon des principales évolutions législatives en mettant l’accent sur les deux dernières lois de finances pour 2019 et pour 2020. Sans que cela ne soit surprenant, l’orientation « climatique » des politiques environnementales transparait fortement, au détriment d’autres enjeux tels que la préservation de la biodiversité. L’annulation de la hausse de la composante carbone fin 2018 a généré des crispations sur le principe même d’une taxation des comportements néfastes pour l’environnement. Malgré quelques mesures ponctuellement incitatives, ce sont surtout des considérations budgétaires qui ont motivé les dispositions adoptées. | ||
| 520 | _aFrench environmental tax has undergone multiple adjustments over the past five years. This article provides an overview of the main legislative changes, with a focus on the last two Finance Laws for 2019 and 2020. Unsurprisingly, the emphasis on fighting climate change is strongly reflected in environmental policy, to the detriment of other issues such as the preservation of biodiversity. The cancellation the carbon tax increase at the end of 2018 has ignited controversy over the very principle of taxing environmentally harmful behaviors. Despite the existence of a few incentivizing policies, provisions in recent laws have been mainly motivated by budgetary considerations. | ||
| 690 | _abudget vert | ||
| 690 | _adépenses fiscales | ||
| 690 | _afiscalité énergétique | ||
| 690 | _aincitation fiscale | ||
| 690 | _amalus écologique | ||
| 690 | _aperformance énergétique des bâtiments | ||
| 690 | _ataxe carbone | ||
| 690 | _ataxe sur l’aviation | ||
| 690 | _aTEOM | ||
| 690 | _aTGAP | ||
| 690 | _aTICPE | ||
| 690 | _atransition énergétique | ||
| 690 | _aair tax | ||
| 690 | _acarbon tax | ||
| 690 | _aenergy performance of buildings | ||
| 690 | _aenergy tax | ||
| 690 | _aenergy transition | ||
| 690 | _agas tax | ||
| 690 | _agreen budgeting | ||
| 690 | _aincentive tax | ||
| 690 | _atax expenditures | ||
| 690 | _awaste tax | ||
| 786 | 0 | _nRevue juridique de l’environnement | Volume 46 | 1 | 2021-04-09 | p. 161-181 | 0397-0299 | |
| 856 | 4 | 1 | _uhttps://droit.cairn.info/revue-juridique-de-l-environnement-2021-1-page-161?lang=fr&redirect-ssocas=7080 |
| 999 |
_c1617197 _d1617197 |
||